Tadao Ando : (Record no. 353377)
[ view plain ]
| 000 -LEADER | |
|---|---|
| fixed length control field | 01048 a2200301 4500 |
| 003 - CONTROL NUMBER IDENTIFIER | |
| control field | OSt |
| 005 - DATE AND TIME OF LATEST TRANSACTION | |
| control field | 20180116192404.0 |
| 008 - FIXED-LENGTH DATA ELEMENTS--GENERAL INFORMATION | |
| fixed length control field | 120703t xxu||||| |||| 00| 0 eng d |
| 010 ## - LIBRARY OF CONGRESS CONTROL NUMBER | |
| LC control number | 2002416671 |
| 020 ## - INTERNATIONAL STANDARD BOOK NUMBER | |
| International Standard Book Number | 0714837172 (pbk.) |
| 020 ## - INTERNATIONAL STANDARD BOOK NUMBER | |
| International Standard Book Number | 9780714837178 |
| 035 ## - SYSTEM CONTROL NUMBER | |
| System control number | (UkLWHE)e000268962 |
| 040 ## - CATALOGING SOURCE | |
| Transcribing agency | 0 |
| 082 ## - DEWEY DECIMAL CLASSIFICATION NUMBER | |
| Classification number | 720.952 |
| 100 1# - MAIN ENTRY--PERSONAL NAME | |
| Personal name | Dal Co, Francesco, |
| 9 (RLIN) | 5529 |
| 245 10 - TITLE STATEMENT | |
| Title | Tadao Ando : |
| Remainder of title | complete works / |
| Statement of responsibility, etc. | Francesco Dal Co. |
| 260 ## - PUBLICATION, DISTRIBUTION, ETC. | |
| Place of publication, distribution, etc. | London : |
| Name of publisher, distributor, etc. | Phaidon Press, |
| Date of publication, distribution, etc. | 1995 |
| 300 ## - PHYSICAL DESCRIPTION | |
| Extent | 524 p. : |
| Other physical details | ill. (some col.) ; |
| Dimensions | 24 cm. |
| 500 ## - GENERAL NOTE | |
| General note | Originally published in Italian: Milan : Electa, 1994. |
| 600 10 - SUBJECT ADDED ENTRY--PERSONAL NAME | |
| Personal name | Andō, Tadao, |
| Dates associated with a name | 1941- |
| General subdivision | Criticism and interpretation. |
| 9 (RLIN) | 5530 |
| 650 10 - SUBJECT ADDED ENTRY--TOPICAL TERM | |
| Topical term or geographic name entry element | Architecture |
| Geographic subdivision | Japan |
| General subdivision | History |
| Chronological subdivision | 20th century. |
| 9 (RLIN) | 5531 |
| 650 10 - SUBJECT ADDED ENTRY--TOPICAL TERM | |
| Topical term or geographic name entry element | Architecture, Domestic |
| Geographic subdivision | Japan. |
| 9 (RLIN) | 5532 |
| 650 10 - SUBJECT ADDED ENTRY--TOPICAL TERM | |
| Topical term or geographic name entry element | Architecture, Modern |
| 9 (RLIN) | 5533 |
| 650 10 - SUBJECT ADDED ENTRY--TOPICAL TERM | |
| Topical term or geographic name entry element | Concrete construction |
| 9 (RLIN) | 5534 |
| 700 1# - ADDED ENTRY--PERSONAL NAME | |
| Personal name | Andō, Tadao, |
| Dates associated with a name | 1941- |
| 9 (RLIN) | 5535 |
| 942 ## - ADDED ENTRY ELEMENTS (KOHA) | |
| Institution code [OBSOLETE] | SADA |
| Koha item type | Book |
| Call number prefix | 720.952 DAL 1995 |
| Source of classification or shelving scheme | |
| 952 ## - LOCATION AND ITEM INFORMATION (KOHA) | |
| -- | BOOK |
| Withdrawn status | Lost status | Source of classification or shelving scheme | Damaged status | Not for loan | Permanent Location | Current Location | Date acquired | Total Checkouts | Total Renewals | Full call number | Barcode | Date last seen | Date last checked out | Cost, replacement price | Price effective from | Koha item type |
|---|---|---|---|---|---|---|---|---|---|---|---|---|---|---|---|---|
| School of Art Design and Architecture (SADA) | School of Art Design and Architecture (SADA) | 06/30/2011 | 24 | 16 | 720.952 DAL 1995 | SADA0001537 | 11/19/2025 | 11/28/2024 | 2881.00 | 08/05/2011 | Book |
